Ч. 2: Часть прикладная. Оптические системы; Теория оптических приборов

Détails bibliographiques
Parent link:Теория оптических приборов/ А. И. Тудоровский; Академия наук СССР (АН СССР). Ч. 2: Часть прикладная. Оптические системы.— 2-е изд., перераб. и доп..— , 1948-1952
Langue:russe
Publié: 1952
Sujets:
Format: Livre
KOHA link:https://koha.lib.tpu.ru/cgi-bin/koha/opac-detail.pl?biblionumber=263215

MARC

LEADER 00000nam2a2200000 4500
001 263215
005 20231101233723.0
035 |a (RuTPU)RU\TPU\book\286200 
035 |a RU\TPU\book\284444 
090 |a 263215 
100 |a 20140523d1952 k y0rusy50 ca 
101 0 |a rus 
102 |a RU 
105 |a a z 001zy 
200 0 |a Ч. 2: Часть прикладная. Оптические системы 
210 |d 1952 
215 |a 567 с.  |c ил. 
320 |a Библиогр.: с. 547-552. 
320 |a Предметный и именной указатель: с. 553-564. 
461 1 |0 (RuTPU)RU\TPU\book\283634  |t Теория оптических приборов  |f А. И. Тудоровский  |g Академия наук СССР (АН СССР)  |v Ч. 2: Часть прикладная. Оптические системы  |e 2-е изд., перераб. и доп.  |d 1948-1952 
606 1 |a Оптика  |2 stltpush  |3 (RuTPU)RU\TPU\subj\67665  |9 83386 
610 1 |a глаз 
610 1 |a зрение 
610 1 |a линзы 
610 1 |a фотографические объективы 
610 1 |a проекционные приборы 
610 1 |a осветительные приборы 
610 1 |a лупы 
610 1 |a микроскопы 
610 1 |a зрительные трубы 
610 1 |a оптические системы 
610 1 |a расчеты 
675 |a 535  |v 3 
801 1 |a RU  |b 63413507  |c 20140606 
801 2 |a RU  |b 63413507  |c 20150525  |g RCR 
942 |c BK